Atatürk'ün üç muhalifi (Record no. 10038)

MARC details
000 -BAŞLIK
Sabit Uzunlukta Kontrol Alanı 00958na a2200301 4500
001 - KONTROL NUMARASI
Denetim Alanı 22602
003 - KONTROL NUMARASI IDENTIFIER
Denetim Alanı MIRAKIL
005 - SON İŞLEM TARİHİ VE ZAMANI
Denetim Alanı 20181213155305.0
008 - SABİT-BOY VERİ ELEMANLARI - GENEL BİLGİLER
Sabit Uzunlukta Kontrol Alanı 170220b tu 000 0
035 ## - SİSTEM KONTROL NUMARASI
Sistem Kontrol Numarası 22602
040 ## - KATALOGLAMA KAYNAK
Orijinal Kataloglama Ajansı Milas
Kataloglama Dili tur
Metne Dönüştürmek Ajansı TR-AnCHP
041 ## - DİL KODU
Metin / Ses Parça Veya Ayrı Başlığın Dil Kodu tur
082 ## - DEWEY ONLU SINIFLANDIRMA NUMARASI
Sınıflandırma Numarası ATA 956.1023092
Ürün Numarası K61a 2010
090 ## - SINIFLAMA NUMARASI
Sınıflama Numarası ATA 956.1023092 K61a 2010
100 ## - ANA GİRİŞ - KİŞİSEL İSİM
Kişisel Ad Kocahanoğlu, Osman Selim
245 ## - BAŞLIK TABLOSU
Başlık Atatürk'ün üç muhalifi
Başlığın Kalan [önsöz ve içindekiler bölümü]
Sorumluluk Tablosu, Vb Osman Selim Kocahanoğlu
260 ## - YAYIN, DAĞITIM, VB
Yayın, Dağıtım, Vb Yeri İstanbul
Yayıncı, Dağıtıcı, Vs Adı Temel
Yayın, Dağıtım, Vb Tarihi 2010
300 ## - FİZİKSEL TANIM
Kapsam 16 s.
Boyutlar 20 sm.
440 ## - SERİSİ TABLOSU / KATMA GİRİŞİ - BAŞLIK
Başlık Temel yayınları
Hacim / Ardışık Tanımı 166
490 ## - SERİSİ TABLOSU
Seri Beyanı Tarih dizisi
Hacim / Ardışık Tanımı 58
505 ## - BİÇİMLENDİRİLDİ İÇİNDEKİLER NOT
Biçimlendirilmiş İçeriği Dikkat c.1. Kazım Karabekir
600 ## - KONU KATMA GİRİŞ - KURUMSAL ADI
Kişisel Ad Atatürk, Mustafa Kemal
Bir Adıyla İlişkilendirilen Tarihler 1881-1938
600 ## - KONU KATMA GİRİŞ - KURUMSAL ADI
Kişisel Ad Karabekir, Kazım
Bir Adıyla İlişkilendirilen Tarihler 1882-1948
650 ## - KONU KATMA GİRİŞ - TOPİKAL DÖNEM
Topikal Süreli Veya Coğrafi Ad Giriş Elemanı Siyasetçiler
Genel Alt Bölümü Yaşamöyküsü
Coğrafi Alt Bölümü Türkiye
651 ## - KONU KATMA GİRİŞ - COĞRAFİ ADI
Coğrafi İsim Türkiye
Genel Alt Bölümü Siyasal tarih
Kronolojik Alt Bölümü 20. yüzyıl
651 ## - KONU KATMA GİRİŞ - COĞRAFİ ADI
Coğrafi İsim Türkiye
Genel Alt Bölümü Siyaset ve yönetim
Kronolojik Alt Bölümü 20. yüzyıl
942 ## - EKLENDİ GİRİŞ ELEMANLARI (KOHA)
Sınıflandırma Veya Raf Düzeni Kaynak
Koha Öğesi Türü Books
999 ## - SİSTEM KONTROL NUMARALARI (KOHA)
Koha Biblionumber 10038
Koha Biblioitemnumber 10038
Holdings
Kullanım Kısıtlamaları Kalıcı Konum Mevcut Konum Edinme Tarihi Edinim Kaynak Kodlu Konum Eleme Toplam Check-Out'Lar Tam Çağrı Numarası Barkod Tarih Son Görülme İtibaren Geçerli Fiyatlar Koha Öğesi Türü
Kütüphane dışına çıkarılamaz CHP Kütüphanesi CHP Kütüphanesi 02/20/2017 Bağış ATATÜRK   ATA 956.1023092 K61a 2010 016630 02/20/2017 02/20/2017 Books
Kütüphane dışına çıkarılamaz CHP Kütüphanesi CHP Kütüphanesi 03/27/2019       ATA 956.1023092 K61a 2010 019116 03/27/2019 03/27/2019 Books